zpět

Detail výsledku týmu

SmallKoff, Smolkov

Datum a čas kvízu

39.5 Celkem bodů Celkový počet nahraných bodů na tomto kvízu bez doplňovacích otázek.
2. Pořadí na kvízu Konečné umístění týmu na tomto kvízu.

Zaznamenané odpovědi

# Otázka Odpověď Body Výsledky
1. Poradní výbor Rady Evropy vyzv... o slovenštinu 1
2. V italském městě Pesaro nechal... Luciano Pavarotti 1
3. Kterou známou hollywoodskou he... Julii Roberts 1
4. Která společnost vyhrála minul... Netflix 1
5. V neděli jsme se dozvěděli jmé... Lando Norris, 3. místo 1
6. Jak jinak začít toto téma, než... žlutý trpaslík 1
7. Další otázku věnujme Zemi. Jed... 6378 km 0
8. Nyní se podíváme na planety, c... Uran; Venuše 0
9. Na řadě je rychlost planet. Co... B 1
10. Přiřaďte názvy těchto měsíců k... 1B 2A 3D 4C 0